| 000 | 01030nam a2200313 i 4500 | ||
|---|---|---|---|
| 001 | bgj | ||
| 100 | 1 |
_aHUGHES, Thomas _d(1822-1896). |
|
| 245 | 1 | 0 |
_aTom Brown's schooldays / _cThomas Hughes ; edited with an introduction by Andrew Sanders. |
| 260 |
_aOxford ; _aNew York : _bOxford University Press, _c1989. |
||
| 300 |
_aXLIX, 406 pp : _bill. ; _c19 cm. |
||
| 490 | 1 | _aThe World's Classics | |
| 500 | _aThis edition reprints the illustration drawn for the 1869 reissue by the artist Arthur Hughes. | ||
| 504 | _aBibliography p. XXVII. | ||
| 505 | _aIncludes note on the text and a chronology of the author. | ||
| 650 | 9 | _aRugby School | |
| 650 | 9 | _aEndowed public schools | |
| 650 | 9 | _aBoys | |
| 650 | 9 | _aBildungsromane | |
| 651 | 9 | _aEngland | |
| 655 | _aFiction | ||
| 700 | 1 |
_aSANDERS, Andrew _d(1946- ). _eed. |
|
| 830 | _aThe World's Classics | ||
| 020 | _a019282198 (pbk) | ||
| 040 | _cBPK | ||
| 041 | 0 | _aeng | |
| 920 | _a0-19-282198 (pbk) | ||
| 942 | _cKS | ||
| 008 | s uk f |000 0 eng | ||
| 999 |
_c49313 _d49313 |
||